Normal view
MARC view
- रावल - सिन्हा, मनोशी
Entry Personal Name
001 - CONTROL NUMBER
- control field: 216410
003 - CONTROL NUMBER IDENTIFIER
- control field: OSt
005 - DATE AND TIME OF LATEST TRANSACTION
- control field: 20260121165314.0
008 - FIXED-LENGTH DATA ELEMENTS
- fixed length control field: 260121|| aca||aabn | a|a d
040 ## - CATALOGING SOURCE
- Original cataloging agency: OSt
- Transcribing agency: OSt
100 ## - HEADING--PERSONAL NAME
- Personal name: रावल - सिन्हा, मनोशी
670 ## - SOURCE DATA FOUND
- Source citation: Work cat.: (OSt)370018: रावल - सिन्हा, मनोशी, महिला क्रंतिकारकांच्या कथा, 2020